书目信息 |
| 题名: |
热爱生命
|
|
| 作者: | 伦敦 著 ;李卫红 , 王惠君 , 王惠玲 译 | |
| 分册: | ||
| 出版信息: | 奎屯 伊犁人民出版社 2003 |
|
| 页数: | 213页 | |
| 开本: | 21cm | |
| 丛书名: | 英语大书虫世界文学名著文库 | |
| 单 册: | ||
| 中图分类: | H319.4:I | |
| 科图分类: | ||
| 主题词: | 英语--对照读物, 小说--英、汉 | |
| 电子资源: | ||
| ISBN: | 7-5425-0685-4 | |
| 000 | 01032nam2 2200301 45 | |
| 005 | 20041213145131.41 | |
| 010 | @a7-5425-0685-4@dCNY 11.00 | |
| 100 | @a20030313d2003 em y0chiy0121 ea | |
| 101 | 2 | @achi@aeng@ceng |
| 102 | @aCN@b650000 | |
| 105 | @ay z 000ay | |
| 200 | 1 | @a热爱生命@Ari ai sheng ming@e英汉对照全译@f(美)杰克·伦敦著@g李卫红译 |
| 210 | @a奎屯@c伊犁人民出版社@d2003 | |
| 215 | @a213页@d21cm | |
| 225 | 2 | @a英语大书虫世界文学名著文库@e世界文学名著英汉对照全译精选@f王惠君, 王惠玲译 |
| 312 | @a封面并列题名: Love of life | |
| 330 | @a本书内容: 热爱生命; 基斯的故事; 旷野的呼唤...... | |
| 410 | 0 | @12001 @a英语大书虫世界文学名著文库 |
| 510 | 1 | @aLove of life@zeng |
| 517 | 1 | @a世界文学名著英汉对照全译精选 |
| 606 | 0 | @a英语@j对照读物, 小说@x英、汉 |
| 690 | @aH319.4:I@v4 | |
| 701 | 1 | @a伦敦@Alun dun@b杰克@4著 |
| 702 | 0 | @a李卫红@Ali wei hong@4译 |
| 702 | 0 | @a王惠君@Awang hui jun@4译 |
| 702 | 0 | @a王惠玲@Awang hui ling@4译 |
| 801 | 0 | @aCN@bQSSKy1@c20041213 |
| 905 | @a10447@dH319.4:I@eJ702 | |
| 热爱生命:英汉对照全译/(美)杰克·伦敦著/李卫红译.-奎屯:伊犁人民出版社,2003 |
| 213页;21cm.-(英语大书虫世界文学名著文库:世界文学名著英汉对照全译精选/王惠君, 王惠玲译) |
| ISBN 7-5425-0685-4:CNY 11.00 |
| 本书内容: 热爱生命; 基斯的故事; 旷野的呼唤...... |
| ● |
| 相关链接 |
|
|
|
正题名:热爱生命
索取号:H319.4:I/J702
 
预约/预借
| 序号 | 登录号 | 条形码 | 馆藏地/架位号 | 状态 | 备注 |
| 1 | 433176 | 204331767 | 语言库209/ [索取号:H319.4:I/J702] | 在馆 | |
| 2 | 433177 | 204331776 | 语言库209/209语言库 53排5列6层/ [索取号:H319.4:I/J702] | 在馆 | |
| 3 | 433178 | 204331785 | 语言库209/209语言库 53排5列6层/ [索取号:H319.4:I/J702] | 在馆 | |
| 4 | 433179 | 204331794 | 语言库209/209语言库 53排5列6层/ [索取号:H319.4:I/J702] | 在馆 |